| 000 | 00512nam a22001577a 4500 | ||
|---|---|---|---|
| 999 |
_c533793 _d533793 |
||
| 020 | _qHard Cover. | ||
| 082 | _a616 | ||
| 100 | _aMahboob, Aamra | ||
| 245 |
_aEffect of Alpha-lipoic Acid in AlCl3-Induced mouse modelof Alzheimer's disease / _cAamra Mahboob. |
||
| 260 |
_aIslamabad: _bASAB - NUST, _c2013. |
||
| 300 |
_a103 p. : _bill. ; _c30cm. |
||
| 942 |
_2ddc _cTHE |
||
| 650 |
_aVirology MS Ph. D-Thesis. _927777 |
||
| 700 |
_aDr. Tauqeer Ahmed _927439 |
||